000 00701cam a22002413a 4500
001 19120
003 PGUSA
005 20140828083415.0
008 060825s2006||||xxu|||||s|||||000 1 eng d
040 _aPGUSA
_beng
042 _adc
050 4 _aPZ
100 1 _aCarson, James
245 1 4 _aThe Saddle Boys of the Rockies :
_bOr, Lost on Thunder Mountain
_h[electronic resource] /
_cJames Carson
260 _bProject Gutenberg,
_c2006
506 _aPublic domain in the USA.
516 _aElectronic text
653 _aWestern stories
653 _aRocky Mountains -- Juvenile fiction
830 0 _aProject Gutenberg
_v19120
856 4 0 _uhttp://www.gutenberg.org/ebooks/19120
942 _cEB
999 _c248375
_d248375